000 nam a22 7a 4500
999 _c8018
_d8018
008 171121b xxu||||| |||| 00| 0 eng d
100 _aNCERT
_94472
245 _aMarigold in English
260 _aNew Delhi
_bNCERT
_c2009